Представление документа в формате RUSMARC

ПолеНазваниеЗначение
  Тип записи a
  Библиографический уровень m
001 Контрольный номер RU/IS/BASE/287686250
005 Дата корректировки 20250331112432.7
010 Индекс ISBN __
a ISBN 978-5-382-00481-5
d Цена 173-00
101 Язык документа 0_
a Язык текста rus
c Язык оригинала rus
200 Заглавие и сведения об ответственности 1_
a Заглавие Введение в квантовую оптику
e Сведения, относящиеся к заглавию учеб. пособие
f Первые сведения об ответственности Л. В. Тарасов
b Общее обозначение материала Текст
205 Сведения об издании __
a Основные сведения об издании Изд. 2-е
210 Выходные данные 1_
a Место издания М.
c Издательство ЛКИ
d Дата издания 2008
215 Физическое описание __
a Объем 304 с.
330 Аннотация __
a Аннотация Рассмотрены фотонные представления о природе света. Анализируются процессы взаимодействия света с веществом на уровне элементарных актов, состояния квантового поля излучения, вопросы оптической когерентности.
606 Тематические рубрики __
a Основная рубрика Физика
606 Тематические рубрики __
a Основная рубрика Квантовая механика
610 Ключевые слова 0_
a Ключевые слова квантовая оптика; фотоны; физическая природа света; квантово-оптические явления; фотоэлектрические явления; квазичастицы; нелинейно-оптические явления; однофотонные процессы
686 Индексы других классификаций __
a Классификационный индекс 22.314я73
700 Автор _1
a Фамилия Тарасов
b Имя Л. В.
4 Код отношения 070
801 Источник записи _0
a Страна RU
b Организация Муниципальное бюджетное учреждение культуры "Централизованная библиотечная система" г. Сургут (Центральная городская библиотека им. А. С. Пушкина)
g Правила каталогизации КиК/Елгина
801 Источник записи _1
a Страна RU
b Организация Муниципальное бюджетное учреждение культуры "Централизованная библиотечная система" г. Сургут (Центральная городская библиотека им. А. С. Пушкина)
g Правила каталогизации КиК/Елгина
852 Данные о местонахождении __
j Шифр хранения 22.314я73
c Каталожный индекс 22.314я73
i Авторский знак Т 19
901 Тип документа __
t Тип документа m
903 Характеристики (МАРС) __
a Дата передачи 20090212
969 Тип издания __
a Тип издания учебное пособие
990 Данные о заказе (DOS) __
j Количество экземпляров (DOS) 3
t N записи в КСУ для И/У (DOS) 200902